Statistics for The Only Flag...

Click here to take the quiz!

General Stats

  • This quiz has been taken 36 times
  • The average score is 8 of 16

Answer Stats

Only Flag With...Country% Correct
A Maple LeafCanada
100%
The Star of DavidIsrael
94%
A Cedar TreeLebanon
82%
A DragonBhutan
76%
An AK-47Mozambique
62%
27 StarsBrazil
50%
PeopleBelize
47%
A ParrotDominica
47%
A Bird of ParadisePapua New Guinea
44%
KeysVatican
44%
A Rattle SnakeMexico
41%
A Pink LionSpain
26%
HandsBrunei
24%
A Cow's HeadMoldova
24%
A CraneUganda
21%
A DoveFiji
12%

Score Distribution

Percentile by Number Answered

Percent of People with Each Score

Your Score History

You have not taken this quiz